[Event "Titled Tuesday intern op 06th Feb Early"]
[Site "Chess.com INT"]
[Date "2024.02.06"]
[Round "5"]
[White "Aashman, Gupta"]
[Black "Figorito, Nick"]
[Result "0-1"]
[WhiteElo "2219"]
[BlackElo "2036"]
[PlyCount "124"]
[EventDate "2024.02.06"]
[EventType "swiss (blitz)"]
[EventRounds "11"]
[EventCountry "USA"]
[SourceTitle "CB07_2024"]
[SourceDate "2024.02.14"]
[SourceVersion "1"]
[SourceVersionDate "2024.02.14"]
[SourceQuality "1"]

1. Nf3 Nf6 2. e3 g6 3. b3 Bg7 4. Bb2 0-0 5. c4 c5 6. Be2 Nc6 7. 0-0 b6 8. Nc3 Bb7 9. d4 cxd4 10. Nxd4 Nxd4 11. Qxd4 d6 12. Qd1 Qc8 13. Rc1 Qf5 14. Bf3 Bxf3 15. Qxf3 Qxf3 16. gxf3 Rac8 17. Rfd1 Rfd8 18. Kf1 Kf8 19. Ke2 Ke8 20. Rd2 h5 21. Nd5 Nxd5 22. Bxg7 Nb4 23. Bc3 Nc6 24. f4 Nb8 25. f5 g5 26. f6 Nd7 27. fxe7 Kxe7 28. Rg1 g4 29. Rd5 Rc5 30. Rgd1 Ne5 31. Bxe5 Rxd5 32. Rxd5 dxe5 33. Rxe5+ Kf6 34. Rxh5 Kg6 35. Rh4 f5 36. h3 Kg5 37. Rh7 Kg6 38. Rh4 Kg5 39. Rh7 Kg6 40. Rxa7 gxh3 41. Kf1 Rd1+ 42. Ke2 h2 43. Kxd1 h1Q+ 44. Ke2 Qc6 45. Re7 Qd6 46. Ra7 Qc6 47. Re7 b5 48. Re5 bxc4 49. b4 c3 50. Rc5 Qa6+ 51. Kd1 Qa4+ 52. Kc1 Qxb4 53. Rc6+ Kg5 54. Kc2 Qb2+ 55. Kd3 Qd2+ 56. Kc4 c2 57. f4+ Kg4 58. Rg6+ Kf3 59. Kb3 c1Q 60. Rg1 Qdb2+ 61. Ka4 Qc4+ 62. Ka5 Qbb5# 0-1

[Event "Titled Tuesday intern op 16th Jan Late"]
[Site "Chess.com INT"]
[Date "2024.01.16"]
[Round "2"]
[White "Aashman, Gupta"]
[Black "Heberla, Bartlomiej"]
[Result "0-1"]
[WhiteElo "2235"]
[BlackElo "2546"]
[PlyCount "92"]
[EventDate "2024.01.16"]
[EventType "swiss (blitz)"]
[EventRounds "11"]
[EventCountry "USA"]
[SourceTitle "CB04_2024"]
[SourceDate "2023.10.16"]
[SourceVersion "1"]
[SourceVersionDate "2023.10.16"]
[SourceQuality "1"]

1. b3 e5 2. Bb2 Nc6 3. e3 d6 4. Bb5 Nf6 5. Nf3 Be7 6. c4 0-0 7. Nc3 Nb4 8. c5 Bf5 9. cxd6 Qxd6 10. 0-0 Bd3 11. Bxd3 Nxd3 12. Qc2 Rad8 13. Rab1 c6 14. Ba1 Rd7 15. Na4 Rfd8 16. Rbd1 Qe6 17. Nd4 exd4 18. Qxd3 dxe3 19. Qxe3 Qxe3 20. fxe3 Rxd2 21. Rxd2 Rxd2 22. Rf2 Rxf2 23. Kxf2 Ng4+ 24. Kg1 Bg5 25. Bd4 Bxe3+ 26. Bxe3 Nxe3 27. Kf2 Nd5 28. Ke2 Kf8 29. g3 Ke7 30. Kd3 Nb4+ 31. Kc4 b5+ 32. Kxb4 bxa4 33. Kxa4 f5 34. Kb4 Kd6 35. Kc4 g5 36. Kd4 c5+ 37. Kc4 Kc6 38. h4 f4 39. hxg5 fxg3 40. g6 hxg6 41. b4 cxb4 42. a4 bxa3 43. Kb3 g2 44. Ka4 g1Q 45. Ka5 Qb1 46. Ka6 Qb6# 0-1

[Event "Titled Tuesday intern op 16th Jan Late"]
[Site "Chess.com INT"]
[Date "2024.01.16"]
[Round "3"]
[White "Tristan, Leonardo"]
[Black "Aashman, Gupta"]
[Result "1-0"]
[WhiteElo "2515"]
[BlackElo "2235"]
[PlyCount "77"]
[EventDate "2024.01.16"]
[EventType "swiss (blitz)"]
[EventRounds "11"]
[EventCountry "USA"]
[SourceTitle "CB04_2024"]
[SourceDate "2023.10.16"]
[SourceVersion "1"]
[SourceVersionDate "2023.10.16"]
[SourceQuality "1"]

1. d4 d5 2. Nf3 e6 3. Bf4 Bd6 4. e3 Nf6 5. Nbd2 0-0 6. c3 c5 7. Bd3 b6 8. Bxd6 Qxd6 9. e4 Qe7 10. e5 Nfd7 11. Qe2 a5 12. h4 h6 13. g4 Ba6 14. Bxa6 Nxa6 15. a3 g6 16. Qe3 Kh7 17. Qf4 Rac8 18. Qe3 cxd4 19. cxd4 a4 20. Qd3 Nc7 21. h5 Kg7 22. g5 Rh8 23. Rg1 hxg5 24. hxg6 f5 25. Nxg5 Nf8 26. Nf7 Rh4 27. Nd6 Ra8 28. Qxf5 Rxd4 29. Rc1 Ne8 30. Qf7+ Qxf7 31. gxf7+ Ng6 32. fxe8Q Rxe8 33. Nxe8+ Kf7 34. Nd6+ Kg7 35. Rc7+ Kh6 36. Nf7+ Kh5 37. Rg5+ Kh4 38. Nf3+ Kh3 39. Rg3# 1-0

[Event "Titled Tuesday intern op 09th Jan Early"]
[Site "Chess.com INT"]
[Date "2024.01.09"]
[Round "10"]
[White "Aashman, Gupta"]
[Black "Cordoba Roa, Angel Gabriel"]
[Result "1/2-1/2"]
[WhiteElo "2235"]
[BlackElo "2312"]
[PlyCount "199"]
[EventDate "2024.01.09"]
[EventType "swiss (blitz)"]
[EventRounds "11"]
[EventCountry "USA"]
[SourceTitle "CB03_2024"]
[SourceDate "2024.01.17"]
[SourceVersion "1"]
[SourceVersionDate "2024.01.17"]
[SourceQuality "1"]

1. b3 e5 2. Bb2 Nc6 3. e3 Nf6 4. Bb5 Bd6 5. Na3 Na5 6. Be2 0-0 7. c4 Be7 8. Nc2 Nc6 9. d4 exd4 10. Nxd4 Bb4+ 11. Kf1 Re8 12. Ngf3 d6 13. a3 Bc5 14. b4 Bb6 15. Nxc6 bxc6 16. Qc2 Ne4 17. Nd2 Nxf2 18. Kxf2 Bxe3+ 19. Kf1 Qh4 20. g3 Qh3+ 21. Ke1 Qg2 22. Rf1 Bh3 23. Kd1 Bxd2 24. Qxd2 Rxe2 25. Qxe2 Qxf1+ 26. Qxf1 Bxf1 27. Rc1 Re8 28. Bd4 a6 29. Kd2 Re4 30. Kc3 Bh3 31. c5 Be6 32. Kd3 Bd5 33. cxd6 cxd6 34. Rf1 Rg4 35. Rf4 Rxf4 36. gxf4 f6 37. Bb6 Kf7 38. Kd4 Ke6 39. Bc7 Bg2 40. a4 Bf3 41. a5 g5 42. fxg5 fxg5 43. Ke3 Bh1 44. Kf2 h5 45. Kg3 Be4 46. Kf2 h4 47. Ke3 Bd5 48. Bd8 Kf5 49. Be7 g4 50. Bxh4 g3 51. Bxg3 Ke6 52. Kd4 Bf3 53. h4 Bd1 54. Bf4 Bh5 55. Ke3 Bg4 56. Kf2 d5 57. Kg3 Kf5 58. Bd6 Be2 59. Bc5 Kg6 60. Kf4 Kh5 61. Bf2 Bb5 62. Ke5 Bc4 63. Kd6 Bb5 64. Kc5 Kg4 65. Kb6 Kh5 66. Kc5 Kg4 67. Be1 Kh5 68. Bc3 Kg4 69. Bf6 Kf5 70. Bg5 Kg4 71. Kd4 Kh5 72. Ke5 Kg6 73. Kf4 d4 74. Kg4 Be2+ 75. Kf4 d3 76. Ke3 Kh5 77. Kd2 Bf1 78. Ke1 Be2 79. Kd2 Kg4 80. Be7 Kf5 81. Bd8 Ke6 82. Bg5 Kd5 83. Be7 Kc4 84. Bc5 Kb5 85. h5 Bxh5 86. Kxd3 Bf7 87. Kd4 Bc4 88. Ke5 Bd5 89. Kd6 Bc4 90. Kc7 Bd5 91. Kd6 Bc4 92. Ke5 Bd5 93. Kd4 Bc4 94. Kc3 Bd5 95. Kb2 Bc4 96. Ka3 Bd5 97. Bd4 Bc4 98. Bc5 Bd5 99. Bg1 Bc4 100. Bc5 1/2-1/2

[Event "Titled Tuesday intern op 09th Jan Early"]
[Site "Chess.com INT"]
[Date "2024.01.09"]
[Round "5"]
[White "Aashman, Gupta"]
[Black "Panda, Sambit"]
[Result "0-1"]
[WhiteElo "2235"]
[BlackElo "2404"]
[PlyCount "156"]
[EventDate "2024.01.09"]
[EventType "swiss (blitz)"]
[EventRounds "11"]
[EventCountry "USA"]
[SourceTitle "CB03_2024"]
[SourceDate "2024.01.17"]
[SourceVersion "1"]
[SourceVersionDate "2024.01.17"]
[SourceQuality "1"]

1. b3 b6 2. Bb2 Bb7 3. e3 e6 4. Nf3 Nf6 5. c4 Be7 6. Nc3 0-0 7. d4 d5 8. cxd5 exd5 9. Bd3 c5 10. 0-0 Nbd7 11. dxc5 bxc5 12. Rc1 Re8 13. Qe2 Qb6 14. Na4 Qa5 15. Bc3 Qd8 16. Bxf6 Bxf6 17. Nxc5 Nxc5 18. Rxc5 d4 19. e4 Qe7 20. Rfc1 Bxe4 21. Rc7 Qe6 22. Bc4 Bd5 23. Qxe6 Bxe6 24. Bxe6 fxe6 25. Nd2 Bg5 26. Rd1 Bxd2 27. Rxd2 Rac8 28. Rxc8 Rxc8 29. Kf1 e5 30. Ke2 Kf7 31. Kd3 Ke6 32. Ke4 Rc1 33. f4 Re1+ 34. Kd3 exf4 35. Kxd4 Kf5 36. Kd3 Re3+ 37. Kd4 g5 38. Rc2 Re4+ 39. Kd3 Re3+ 40. Kd4 Re4+ 41. Kd3 Re5 42. b4 g4 43. a4 Re3+ 44. Kd4 Re4+ 45. Kd3 Rxb4 46. Rc5+ Kf6 47. Rc6+ Kg5 48. Rc5+ Kh4 49. Rc7 Rxa4 50. Rxh7+ Kg5 51. Rg7+ Kf5 52. Rf7+ Kg6 53. Rf8 a5 54. Rb8 Ra3+ 55. Kd4 Ra4+ 56. Ke5 f3 57. gxf3 gxf3 58. Rb3 f2 59. Rg3+ Kh5 60. Rf3 Ra2 61. Kf4 a4 62. Kg3 a3 63. h3 Ra1 64. Kxf2 a2 65. Kg2 Rb1 66. Rf5+ Kg6 67. Ra5 a1Q 68. Rxa1 Rxa1 69. Kg3 Kh5 70. Kf4 Ra3 71. Kf5 Kh4 72. Kf4 Rxh3 73. Kf5 Rg3 74. Kf6 Kg4 75. Ke7 Rf3 76. Ke6 Kf4 77. Kd7 Re3 78. Kd6 Ke4 0-1

[Event "Titled Tuesday intern op 09th Jan Early"]
[Site "Chess.com INT"]
[Date "2024.01.09"]
[Round "6"]
[White "Prudnykova, Olga"]
[Black "Aashman, Gupta"]
[Result "0-1"]
[WhiteElo "2241"]
[BlackElo "2235"]
[PlyCount "64"]
[EventDate "2024.01.09"]
[EventType "swiss (blitz)"]
[EventRounds "11"]
[EventCountry "USA"]
[SourceTitle "CB03_2024"]
[SourceDate "2024.01.17"]
[SourceVersion "1"]
[SourceVersionDate "2024.01.17"]
[SourceQuality "1"]

1. e4 d5 2. exd5 Nf6 3. Nc3 Nxd5 4. Bc4 Nb6 5. Bb3 Nc6 6. Qh5 e6 7. Nf3 Be7 8. d3 0-0 9. Bg5 h6 10. h4 Nd5 11. Ne4 f5 12. Bxd5 Qxd5 13. Nc3 Qd8 14. 0-0-0 Qe8 15. Qxe8 Rxe8 16. Bxe7 Rxe7 17. d4 b6 18. Rhe1 Bb7 19. d5 exd5 20. Nxd5 Rxe1 21. Rxe1 Rc8 22. b4 a6 23. c4 b5 24. c5 Kf7 25. h5 Rd8 26. Nxc7 Nxb4 27. Ne5+ Kf6 28. a3 Na2+ 29. Kb2 Rd2+ 30. Kb3 a5 31. Ne8+ Kg5 32. a4 Bd5+ 0-1

[Event "Groningen op 59th"]
[Site "Groningen"]
[Date "2023.12.24"]
[Round "4"]
[White "Schuricht, Emil Frederick"]
[Black "Aashman, Gupta"]
[Result "0-1"]
[WhiteElo "2095"]
[BlackElo "2235"]
[PlyCount "102"]
[EventDate "2023.12.21"]
[EventType "swiss"]
[EventRounds "9"]
[EventCountry "NED"]
[SourceTitle "CB04_2024"]
[SourceDate "2023.10.16"]
[SourceVersion "1"]
[SourceVersionDate "2023.10.16"]
[SourceQuality "1"]

1. d4 d5 2. c4 e6 3. Nc3 c6 4. e3 Nf6 5. Nf3 Nbd7 6. Qc2 Bd6 7. Bd3 dxc4 8. Bxc4 0-0 9. 0-0 e5 10. e4 exd4 11. Nxd4 Nb6 12. Be2 Bxh2+ 13. Kxh2 Qxd4 14. Bf4 Nfd5 15. Bg3 Nxc3 16. bxc3 Qa4 17. Bd1 Qa5 18. f4 f5 19. Qb3+ Kh8 20. Bc2 fxe4 21. Bxe4 Qh5+ 22. Kg1 Bf5 23. Bf3 Qg6 24. Bh2 Rae8 25. a4 Rf7 26. a5 Nd5 27. Bxd5 cxd5 28. Qxd5 Rd7 29. Qc5 Rd2 30. Rf2 b6 31. axb6 axb6 32. Qb4 Rxf2 33. Kxf2 Be4 34. Bg3 Bd3 35. Re1 Be4 36. Qd4 h6 37. Re2 Kh7 38. c4 Re6 39. Kg1 Re8 40. Re3 Re6 41. Re2 h5 42. Bh4 Bb7 43. Qf2 Rd6 44. f5 Qg4 45. Bg3 Rd1+ 46. Kh2 h4 47. Be5 h3 48. Qg3 hxg2 49. Qxg4 Rh1+ 50. Kg3 g1Q+ 51. Kf4 Qc1+ 0-1

[Event "Titled Tuesday intern op 14th Nov Early"]
[Site "Chess.com INT"]
[Date "2023.11.14"]
[Round "8"]
[White "Begunov, Konstantin"]
[Black "Aashman, Gupta"]
[Result "1/2-1/2"]
[WhiteElo "2325"]
[BlackElo "2235"]
[PlyCount "120"]
[EventDate "2023.11.14"]
[EventType "swiss (blitz)"]
[EventRounds "11"]
[EventCountry "USA"]
[SourceTitle "CB47_2023"]
[SourceDate "2023.11.22"]
[SourceVersion "1"]
[SourceVersionDate "2023.11.22"]
[SourceQuality "1"]

1. d4 Nf6 2. c4 e6 3. Nf3 b6 4. g3 Bb7 5. Bg2 Bb4+ 6. Nbd2 0-0 7. 0-0 Bxd2 8. Bxd2 d6 9. b4 Nbd7 10. Rc1 a5 11. bxa5 bxa5 12. c5 Bd5 13. Qa4 Ne4 14. Be3 Ndf6 15. Rfd1 Qe7 16. Ne1 Ng4 17. Qa3 dxc5 18. dxc5 c6 19. f3 Nxe3 20. Qxe3 Nf6 21. Qe5 Nd7 22. Qd6 Qxd6 23. cxd6 c5 24. a3 Rfc8 25. e4 Bb3 26. Rd2 c4 27. Rc3 e5 28. Bh3 Rd8 29. Bxd7 Rxd7 30. Nc2 Rad8 31. Ne3 Rxd6 32. Rxd6 Rxd6 33. Nxc4 Bxc4 34. Rxc4 f6 35. Ra4 Ra6 36. Kf2 Kf7 37. Ke3 Ke6 38. Kd3 Kd6 39. Kc4 Kc6 40. h4 h5 41. Kc3 Kb5 42. Rc4 Rc6 43. a4+ Kb6 44. Rxc6+ Kxc6 45. Kc4 g5 46. Kb3 Kc5 47. Kc3 Kb6 48. Kc4 Kc6 49. Kb3 Kc5 50. Kc3 gxh4 51. gxh4 Kd6 52. Kc4 Kc6 53. Kb3 Kd7 54. Kc4 Kc6 55. Kb3 Kc5 56. Kc3 Kb6 57. Kd3 Kc7 58. Kc3 Kd6 59. Kd3 Kd7 60. Kc4 Kc6 1/2-1/2

[Event "Titled Tuesday intern op 14th Nov Early"]
[Site "Chess.com INT"]
[Date "2023.11.14"]
[Round "6"]
[White "Makaraci, Tunahan"]
[Black "Aashman, Gupta"]
[Result "1-0"]
[WhiteElo "2238"]
[BlackElo "2235"]
[PlyCount "141"]
[EventDate "2023.11.14"]
[EventType "swiss (blitz)"]
[EventRounds "11"]
[EventCountry "USA"]
[SourceTitle "CB47_2023"]
[SourceDate "2023.11.22"]
[SourceVersion "1"]
[SourceVersionDate "2023.11.22"]
[SourceQuality "1"]

1. e4 b6 2. d4 Bb7 3. Bd3 e6 4. Be3 Nf6 5. Nd2 c5 6. c3 Be7 7. Ne2 0-0 8. h3 d6 9. 0-0 Nbd7 10. Ng3 Rc8 11. Rc1 cxd4 12. cxd4 Rxc1 13. Qxc1 Qc8 14. Qb1 Ba6 15. Nf3 d5 16. e5 Bxd3 17. Qxd3 Ne8 18. Rc1 Qb7 19. Bg5 f6 20. exf6 Nexf6 21. Qe2 h6 22. Qxe6+ Rf7 23. Bxf6 Bxf6 24. Nf5 Nf8 25. Qe8 Qd7 26. Qxd7 Rxd7 27. Rc8 Kf7 28. Ne3 Ne6 29. Nf5 g6 30. Nxh6+ Kg7 31. Ng4 Nxd4 32. Rg8+ Kf7 33. Nge5+ Kxg8 34. Nxd7 Nxf3+ 35. gxf3 Bxb2 36. Kf1 Kf7 37. Nb8 Ke6 38. Nc6 a5 39. Na7 Kd6 40. Ke2 Kc5 41. Nc8 Bf6 42. Kd3 b5 43. f4 b4 44. Na7 a4 45. Nc8 b3 46. axb3 axb3 47. Na7 b2 48. Kc2 Kb6 49. Nc8+ Kc7 50. Na7 Kb6 51. Nc8+ Kc5 52. Na7 Kc4 53. Nc6 d4 54. Ne5+ Bxe5 55. fxe5 Kd5 56. f4 g5 57. fxg5 Kxe5 58. Kxb2 Kf5 59. h4 Kg6 60. Kc2 Kh5 61. Kd3 Kxh4 62. g6 Kg5 63. g7 Kf6 64. g8Q Ke5 65. Qg5+ Kd6 66. Kxd4 Kd7 67. Qf6 Kc7 68. Kc5 Kd7 69. Qf7+ Kd8 70. Kc6 Kc8 71. Qf8# 1-0

[Event "Titled Tuesday intern op 24th Oct Late"]
[Site "Chess.com INT"]
[Date "2023.10.24"]
[Round "4"]
[White "Aashman, Gupta"]
[Black "Bokros, Albert"]
[Result "1/2-1/2"]
[WhiteElo "2235"]
[BlackElo "2447"]
[PlyCount "38"]
[EventDate "2023.10.24"]
[EventType "swiss (blitz)"]
[EventRounds "11"]
[EventCountry "USA"]
[SourceTitle "Mega2024 Update 01"]
[Source "Chessbase"]
[SourceDate "2023.11.12"]
[SourceVersion "1"]
[SourceVersionDate "2023.11.12"]
[SourceQuality "1"]

1. d4 d5 2. c4 e6 3. Nc3 c6 4. e4 Bb4 5. exd5 exd5 6. Nf3 Nf6 7. Be3 0-0 8. Be2 Ne4 9. Rc1 Bf5 10. Bd3 dxc4 11. Bxc4 Nxc3 12. bxc3 Ba3 13. Rb1 Bxb1 14. Qxb1 Qb6 15. Bb3 Qb5 16. Ne5 Bd6 17. Nc4 Bc7 18. 0-0 Nd7 19. h3 Nb6 1/2-1/2

[Event "Titled Tuesday intern op 24th Oct Late"]
[Site "Chess.com INT"]
[Date "2023.10.24"]
[Round "3"]
[White "Aashman, Gupta"]
[Black "Gutierrez Olivares, Daniel"]
[Result "1-0"]
[WhiteElo "2235"]
[BlackElo "2354"]
[PlyCount "109"]
[EventDate "2023.10.24"]
[EventType "swiss (blitz)"]
[EventRounds "11"]
[EventCountry "USA"]
[SourceTitle "Mega2024 Update 01"]
[Source "Chessbase"]
[SourceDate "2023.11.12"]
[SourceVersion "1"]
[SourceVersionDate "2023.11.12"]
[SourceQuality "1"]

1. d4 e6 2. c4 Nf6 3. Nc3 c5 4. d5 exd5 5. cxd5 Bd6 6. e4 0-0 7. f4 Nxe4 8. Nxe4 Re8 9. Qe2 f5 10. Nxd6 Rxe2+ 11. Bxe2 Qf8 12. Nxc8 Qxc8 13. Nf3 d6 14. 0-0 Nd7 15. Re1 Nf6 16. Bd3 Qd7 17. b3 Re8 18. Bb2 Rxe1+ 19. Rxe1 b5 20. Bxf6 gxf6 21. Re6 Kf7 22. Bxf5 Qb7 23. Rxd6 Qb8 24. Rd7+ Kf8 25. d6 c4 26. Nd4 Qb6 27. Rd8+ Kf7 28. Rd7+ Kf8 29. Rd8+ Kg7 30. Rd7+ Kg8 31. Bxh7+ Kh8 32. h3 Qxd4+ 33. Kh1 Qxf4 34. bxc4 bxc4 35. Bg6 Qf1+ 36. Kh2 Qf4+ 37. Kh1 c3 38. Rh7+ Kg8 39. d7 Qd2 40. Bc2 Qc1+ 41. Kh2 Qf4+ 42. Kh1 Qf1+ 43. Kh2 Qf4+ 44. Kh1 Qd4 45. Re7 Qd2 46. Re8+ Kg7 47. d8Q Qc1+ 48. Bd1 c2 49. Rg8+ Kh7 50. Rh8+ Kg6 51. Qe8+ Kf5 52. Rh5+ Kf4 53. Rh4+ Kg3 54. Rg4+ Kf2 55. Qe2# 1-0

[Event "Belgrade Radnicki IM 07"]
[Site "Belgrade"]
[Date "2023.08.02"]
[Round "8"]
[White "Svicevic, Rastko"]
[Black "Aashman, Gupta"]
[Result "1/2-1/2"]
[WhiteElo "2154"]
[BlackElo "1905"]
[PlyCount "52"]
[EventDate "2023.07.26"]
[EventType "schev"]
[EventRounds "9"]
[EventCountry "SRB"]
[SourceTitle "CBM 215 Extra"]
[Source "ChessBase"]
[SourceDate "2023.09.30"]
[SourceVersion "1"]
[SourceVersionDate "2023.09.30"]
[SourceQuality "1"]

1. e4 e5 2. Nf3 Nc6 3. Nc3 Nf6 4. d4 exd4 5. Nxd4 Bb4 6. Nxc6 bxc6 7. Bd3 d5 8. exd5 cxd5 9. 0-0 0-0 10. h3 c6 11. Qf3 Bd6 12. Bf4 Rb8 13. b3 a5 14. Rfe1 Rb4 15. Bxd6 Qxd6 16. a3 Rb8 17. Qg3 Qxg3 18. fxg3 Be6 19. Ne2 Rfe8 20. Nf4 Bd7 21. Kf2 Kf8 22. Rxe8+ Rxe8 23. Re1 Rxe1 24. Kxe1 Ke7 25. c4 Kd6 26. Kd2 dxc4 1/2-1/2

[Event "Belgrade Radnicki IM 07"]
[Site "Belgrade"]
[Date "2023.07.26"]
[Round "1"]
[White "Phatak, Aanjaneya"]
[Black "Aashman, Gupta"]
[Result "1/2-1/2"]
[WhiteElo "2040"]
[BlackElo "1905"]
[PlyCount "82"]
[EventDate "2023.07.26"]
[EventType "schev"]
[EventRounds "9"]
[EventCountry "SRB"]
[SourceTitle "CBM 215 Extra"]
[Source "ChessBase"]
[SourceDate "2023.09.30"]
[SourceVersion "1"]
[SourceVersionDate "2023.09.30"]
[SourceQuality "1"]

1. e4 e5 2. Nf3 Nc6 3. Bb5 a6 4. Ba4 Nge7 5. d4 exd4 6. Nxd4 Nxd4 7. Qxd4 Nc6 8. Qe3 g6 9. Bd2 Bg7 10. Bc3 0-0 11. Bxg7 Kxg7 12. Nc3 d6 13. 0-0-0 Be6 14. f4 b5 15. Bb3 Na5 16. h3 c5 17. f5 gxf5 18. Qg3+ Kh8 19. Rxd6 Qf6 20. Bxe6 fxe6 21. Nd5 Qh6+ 22. Kb1 Nc4 23. Nc7 Nxd6 24. Qxd6 Rad8 25. Qxe6 Qg7 26. Qb6 fxe4 27. a4 bxa4 28. Nxa6 Qxg2 29. Re1 Qg6 30. Qxg6 hxg6 31. Nxc5 Rde8 32. Nxa4 e3 33. Nc3 Kg7 34. b4 Rf3 35. h4 Rf4 36. b5 Rxh4 37. Kc1 Rc4 38. Nd5 e2 39. b6 Rc5 40. Nc7 Rxc7 41. bxc7 Rc8 1/2-1/2

[Event "Paracin op 16th"]
[Site "Paracin"]
[Date "2023.07.08"]
[Round "3"]
[White "Spasic, Petar"]
[Black "Aashman, Gupta"]
[Result "1-0"]
[WhiteElo "2303"]
[BlackElo "1905"]
[PlyCount "147"]
[EventDate "2023.07.07"]
[EventType "swiss"]
[EventRounds "9"]
[EventCountry "SRB"]
[SourceTitle "EXT 2024"]
[Source "ChessBase"]
[SourceDate "2023.10.10"]
[SourceVersion "1"]
[SourceVersionDate "2023.10.10"]
[SourceQuality "1"]

1. Nf3 d5 2. e3 Nf6 3. c4 c6 4. b3 Bg4 5. Bb2 e6 6. Be2 Nbd7 7. 0-0 Bd6 8. d4 0-0 9. Nc3 Qe7 10. Nd2 Bxe2 11. Qxe2 Ba3 12. Bxa3 Qxa3 13. e4 dxe4 14. Ndxe4 b6 15. Rfd1 Qe7 16. Qc2 Nxe4 17. Qxe4 Rac8 18. Rd3 Rfd8 19. Rad1 Nf6 20. Qe5 Rd7 21. Re1 Qd6 22. Qg5 h6 23. Qd2 Rcd8 24. Ree3 Qf4 25. Ne2 Qg5 26. h3 c5 27. Qc3 cxd4 28. Rxd4 Rxd4 29. Nxd4 Qf4 30. Nf3 Rd1+ 31. Re1 Ne4 32. Qb4 Qc1 33. Rxd1 Qxd1+ 34. Qe1 Qxe1+ 35. Nxe1 Nc3 36. a3 Nb1 37. Nc2 Nd2 38. Na1 a5 39. a4 Ne4 40. Kf1 Kf8 41. Ke2 Nc5 42. Kd2 Ke7 43. f3 Kd6 44. Kc3 Na6 45. Nc2 Kc5 46. f4 g6 47. g3 h5 48. g4 hxg4 49. hxg4 f6 50. Nd4 Nc7 51. Nf3 Ne8 52. g5 fxg5 53. Nxg5 Ng7 54. Ne4+ Kc6 55. Kd4 Nh5 56. Ke5 Kd7 57. c5 bxc5 58. Nxc5+ Ke7 59. Nb7 Ng3 60. Nxa5 Ne2 61. Nc6+ Kd7 62. Nd4 Nc1 63. Kf6 Kd6 64. a5 Kc5 65. b4+ Kd6 66. Nxe6 Nd3 67. a6 Kc6 68. a7 Kb7 69. Nc5+ Nxc5 70. bxc5 Kxa7 71. Kxg6 Kb7 72. f5 Kc6 73. f6 Kxc5 74. f7 1-0

[Event "Bhubaneswar op-A 14th"]
[Site "Bhubaneswar"]
[Date "2023.06.12"]
[Round "2"]
[White "Aashman, Gupta"]
[Black "Ayaan, Garg"]
[Result "1-0"]
[WhiteElo "1742"]
[BlackElo "1647"]
[PlyCount "87"]
[EventDate "2023.06.11"]
[EventType "swiss"]
[EventRounds "10"]
[EventCountry "IND"]
[SourceTitle "EXT 2024"]
[Source "ChessBase"]
[SourceDate "2023.10.10"]
[SourceVersion "1"]
[SourceVersionDate "2023.10.10"]
[SourceQuality "1"]

1. d4 d5 2. c4 e6 3. Nc3 Nf6 4. cxd5 exd5 5. Bg5 Be7 6. e3 h6 7. Bh4 0-0 8. Qc2 Nbd7 9. Bd3 c6 10. Nge2 Re8 11. 0-0 Nf8 12. f3 Ne6 13. Rad1 b5 14. Kh1 b4 15. Na4 Bd7 16. b3 Qc7 17. Qd2 a5 18. Bb1 Bc8 19. Bg3 Bd6 20. Bxd6 Qxd6 21. e4 dxe4 22. fxe4 Ng4 23. e5 Qe7 24. h3 Qh4 25. Kg1 Ba6 26. hxg4 Nxd4 27. Nxd4 Bxf1 28. Rxf1 Rxe5 29. Qf4 Re1 30. Qxf7+ Kh8 31. Qxg7+ Kxg7 32. Nf5+ Kf6 33. Nxh4+ Rxf1+ 34. Kxf1 Kg5 35. Nf3+ Kxg4 36. Kf2 Rd8 37. Bc2 h5 38. Nb2 h4 39. Nc4 c5 40. Nce5+ Kf4 41. Ng6+ Kg4 42. Nfe5+ Kh5 43. Nf4+ Kg5 44. Nf7+ 1-0

[Event "IND-ch U15 47th"]
[Site "New Delhi"]
[Date "2022.12.01"]
[Round "5"]
[White "Arpith, S Bijoy"]
[Black "Aashman, Gupta"]
[Result "1-0"]
[WhiteElo "2019"]
[BlackElo "1776"]
[PlyCount "115"]
[EventDate "2022.11.28"]
[EventType "swiss"]
[EventRounds "11"]
[EventCountry "IND"]
[SourceTitle "CBM 211 Extra"]
[Source "ChessBase"]
[SourceDate "2023.01.31"]
[SourceVersion "1"]
[SourceVersionDate "2023.01.31"]
[SourceQuality "1"]

1. d4 Nf6 2. Nf3 d5 3. c4 e6 4. g3 Bb4+ 5. Bd2 Be7 6. Bg2 0-0 7. 0-0 Nbd7 8. Qc2 c6 9. b3 b6 10. Bf4 Bb7 11. Nbd2 Nh5 12. Be3 Nhf6 13. Bf4 Nh5 14. Be3 Nhf6 15. h3 Rc8 16. Qb2 c5 17. Rfd1 Bd6 18. cxd5 exd5 19. Nh4 Re8 20. Nf5 Bb8 21. Nc4 Re6 22. dxc5 Nxc5 23. Bg5 Qf8 24. Bxf6 Rxf6 25. Nce3 Qe8 26. Rac1 Be5 27. Qb1 Ne4 28. Nxd5 Rxf5 29. Qxe4 Rxc1 30. Rxc1 g6 31. Qd3 Bxd5 32. Bxd5 Kg7 33. e4 Rf6 34. f4 Bb8 35. Qd4 Qe7 36. Rc8 Bd6 37. e5 Bc5 38. Rxc5 bxc5 39. exf6+ Qxf6 40. Qxf6+ Kxf6 41. Kf2 Ke7 42. Ke3 f6 43. Bg8 h6 44. Kd3 Kd6 45. Kc4 a6 46. Bd5 g5 47. h4 gxh4 48. gxh4 a5 49. h5 f5 50. a4 Kd7 51. Kxc5 Kc7 52. b4 axb4 53. Kxb4 Kd6 54. Kc4 Kc7 55. Kc5 Kb8 56. Kb6 Kc8 57. a5 Kd7 58. a6 1-0

[Event "IND-ch U15 47th"]
[Site "New Delhi"]
[Date "2022.11.29"]
[Round "2"]
[White "Aashman, Gupta"]
[Black "Karthikeyan, Sakthivel"]
[Result "1-0"]
[WhiteElo "1776"]
[BlackElo "1462"]
[PlyCount "97"]
[EventDate "2022.11.28"]
[EventType "swiss"]
[EventRounds "11"]
[EventCountry "IND"]
[SourceTitle "CBM 211 Extra"]
[Source "ChessBase"]
[SourceDate "2023.01.31"]
[SourceVersion "1"]
[SourceVersionDate "2023.01.31"]
[SourceQuality "1"]

1. d4 Nf6 2. c4 g6 3. Nc3 Bg7 4. e4 d6 5. Nf3 0-0 6. Be2 e5 7. Be3 Nc6 8. d5 Ne7 9. Nd2 Nd7 10. b4 f5 11. f3 f4 12. Bf2 g5 13. c5 h5 14. cxd6 cxd6 15. Nc4 Nf6 16. Nb5 Ne8 17. Nxa7 Bd7 18. Nb6 Rb8 19. Rc1 Ng6 20. Nxd7 Qxd7 21. Bb5 Qf7 22. Nc8 Qf6 23. Nb6 Qd8 24. Nd7 Nf6 25. Bb6 Qe7 26. Nxb8 Rxb8 27. Rc7 Qf8 28. h3 Ne8 29. Rc3 Bf6 30. Qc2 Ng7 31. Bd7 Bd8 32. Bxd8 Rxd8 33. Rc7 Kh8 34. Rxb7 Ra8 35. a4 Ne7 36. a5 h4 37. Qc7 Ng8 38. b5 Nf6 39. a6 Qf7 40. Be6 Qg6 41. Bf7 Qh6 42. Rb8+ Rxb8 43. Qxb8+ Kh7 44. a7 Nge8 45. a8Q Nxe4 46. Qxe8 Qg7 47. Qg8+ Kh6 48. Qh8+ Qxh8 49. Qxh8# 1-0